Normal view
MARC view
- Pettit, Joseph Mayo
Entry Personal Name
001 - CONTROL NUMBER
- control field: 6840
003 - CONTROL NUMBER IDENTIFIER
- control field: OSt
005 - DATE AND TIME OF LATEST TRANSACTION
- control field: 20250108150244.0
008 - FIXED-LENGTH DATA ELEMENTS
- fixed length control field: 250108|| aca||aabn | a|a d
040 ## - CATALOGING SOURCE
- Original cataloging agency: OSt
- Transcribing agency: OSt
100 ## - HEADING--PERSONAL NAME
- Personal name: Pettit, Joseph Mayo
670 ## - SOURCE DATA FOUND
- Source citation: Work cat.: (OSt)1987: Terman, Frederick Emmons . 6839, Electronic measurements / , 1952.
